| 000 | 00725cab a2200253 4500 | ||
|---|---|---|---|
| 001 | ABS41759 | ||
| 008 | 090401t1989 xxu||||| |||| 00| 0 eng d | ||
| 035 | _a(Sirsi) u32290 | ||
| 041 | _aeng | ||
| 100 | _aVan den Bos, J. | ||
| 245 | _aWaiting for wonders in Copenhagen | ||
| 260 | _c1989 | ||
| 350 | _a0 | ||
| 490 |
_aWorld Property _v3(10) November 1989, 26-27(2) |
||
| 520 | _aReports on Copenhagen `s commercial property market which is currently awaiting an improvement in its fortunes following a quiet couple of years. | ||
| 650 | _aDENMARK | ||
| 650 | _aDEVELOPMENT | ||
| 650 | _aINDUSTRIAL | ||
| 650 | _aOFFICE | ||
| 650 | _aSCANDINAVIA | ||
| 690 | _aOVERSEAS | ||
| 942 | _n0 | ||
| 948 | _c04/03/1997 | ||
| 999 |
_c21668 _d21668 |
||